Electronics fundamentals : (Record no. 179211)
[ view plain ]
| 000 -LEADER | |
|---|---|
| fixed length control field | 00751 a2200229 4500 |
| 003 - CONTROL NUMBER IDENTIFIER | |
| control field | Nust |
| 005 - DATE AND TIME OF LATEST TRANSACTION | |
| control field | 20230928092505.0 |
| 010 ## - LIBRARY OF CONGRESS CONTROL NUMBER | |
| LC control number | 97003029 |
| 020 ## - INTERNATIONAL STANDARD BOOK NUMBER | |
| International Standard Book Number | 067521310X |
| 040 ## - CATALOGING SOURCE | |
| Transcribing agency | Nust |
| 082 00 - DEWEY DECIMAL CLASSIFICATION NUMBER | |
| Classification number | 621.381,FLO |
| 100 1# - MAIN ENTRY--PERSONAL NAME | |
| Personal name | Floyd, Thomas L. |
| 9 (RLIN) | 10192 |
| 245 10 - TITLE STATEMENT | |
| Title | Electronics fundamentals : |
| Remainder of title | circuits, devices, and applications / |
| Statement of responsibility, etc. | Thomas L. Floyd. |
| 250 ## - EDITION STATEMENT | |
| Edition statement | 4th ed. |
| 260 ## - PUBLICATION, DISTRIBUTION, ETC. | |
| Place of publication, distribution, etc. | Upper Saddle River, N.J. : |
| Name of publisher, distributor, etc. | Prentice Hall, |
| Date of publication, distribution, etc. | c1991. |
| 300 ## - PHYSICAL DESCRIPTION | |
| Extent | xx, 984 p. : |
| Other physical details | ill. (some col.) ; |
| Dimensions | 29 cm. |
| 505 ## - FORMATTED CONTENTS NOTE | |
| Formatted contents note | Part.1: DC Circuits (Page-2), Part 2: AC Circuits (Page-276), Part 3: Devices (Page-652). |
| 650 #0 - SUBJECT ADDED ENTRY--TOPICAL TERM | |
| Topical term or geographic name entry element | Electronic apparatus and appliances. |
| 9 (RLIN) | 10193 |
| 650 #0 - SUBJECT ADDED ENTRY--TOPICAL TERM | |
| Topical term or geographic name entry element | Electronic circuits. |
| 650 #0 - SUBJECT ADDED ENTRY--TOPICAL TERM | |
| Topical term or geographic name entry element | Electronics. |
| 942 ## - ADDED ENTRY ELEMENTS (KOHA) | |
| Source of classification or shelving scheme | |
| Koha item type | Book |
| Withdrawn status | Lost status | Source of classification or shelving scheme | Damaged status | Not for loan | Permanent Location | Current Location | Shelving location | Date acquired | Full call number | Barcode | Date last seen | Price effective from | Koha item type | Public note | Total Checkouts |
|---|---|---|---|---|---|---|---|---|---|---|---|---|---|---|---|
| Military College of Signals (MCS) | Military College of Signals (MCS) | General Stacks | 12/12/2016 | 621.381,FLO | MCS27444 | 12/08/2016 | 12/12/2016 | Book | Almirah No.31, Shelf No.1 | ||||||
| Military College of Signals (MCS) | Military College of Signals (MCS) | General Stacks | 09/28/2023 | 621.381,FLO | MCS4047 | 09/28/2023 | 09/28/2023 | Book | Almirah No.31, Shelf No.1 |
